[Event "CAN-ch U08"]
[Site "Windsor"]
[Date "2015.07.08"]
[Round "5.133"]
[White "Fu, Terrence"]
[Black "Zhang, Henry Xianrui"]
[Result "0-1"]
[WhiteElo "763"]
[BlackElo "1067"]
[PlyCount "36"]
[EventDate "2015.07.06"]
[EventType "swiss"]
[EventRounds "7"]
[EventCountry "CAN"]
[SourceTitle "EXT 2022"]
[Source "ChessBase"]
[SourceDate "2021.10.06"]
[SourceVersion "1"]
[SourceVersionDate "2021.10.06"]
[SourceQuality "1"]

1. e4 c5 2. Nf3 Nc6 3. Bb5 g6 4. b3 Bg7 5. Nc3 Nf6 6. 0-0 0-0 7. Bxc6 bxc6 8. d3 d5 9. e5 Ng4 10. Re1 Qc7 11. d4 cxd4 12. Qxd4 f6 13. e6 Ne5 14. Nxe5 fxe5 15. Qg4 Rf5 16. Na4 Bxe6 17. Nc5 Qb6 18. Nxe6 Qxf2+ 0-1